000
00343 a2200157 4500
001
181530
020
_a
040
_c
Magnum
100
_a
Obata, Regina
240
1
0
_a
A linguagem das cem flores
_l
por
245
1
0
_a
A linguagem das cem flores
362
0
_a
1899
440
1
_a
CĂrculo do Livro
697
_a
MAGNITO: GERAL
942
_c
BK
999
_c
181530
_d
181530